[Event "FICS rated blitz game"]
[Site "FICS freechess.org"]
[Date "2018.01.28"]
[Round "?"]
[White "morts"]
[Black "Pjani"]
[Result "1-0"]
[WhiteElo "1164"]
[BlackElo "1157"]
[PlyCount "107"]
[EventDate "2018.??.??"]
[EventType "blitz"]

1. e4 e5 2. Nf3 Nc6 3. c3 Nf6 4. d3 d5 5. Nbd2 dxe4 6. dxe4 Bc5 7. g3 Bg4 8.
Bg2 Bxf3 9. Qxf3 O-O 10. O-O Qd7 11. Nc4 Ng4 12. h3 Bxf2+ 13. Rxf2 Nxf2 14.
Qxf2 Rfd8 15. Bg5 f6 16. Be3 b5 17. Nd2 Na5 18. b4 Nc4 19. Nxc4 bxc4 20. Bc5 a5
21. a3 axb4 22. cxb4 c3 23. Rc1 Qd3 24. Kh2 Rxa3 25. Qf5 Ra2 26. Qe6+ Kh8 27.
Qxa2 h6 28. Qc2 Qxc2 29. Rxc2 Rd3 30. b5 g5 31. b6 cxb6 32. Bxb6 h5 33. g4 h4
34. Kg1 Kh7 35. Bf1 Rg3+ 36. Kh2 Kg6 37. Ba5 Re3 38. Bxc3 Rxe4 39. Bd3 f5 40.
Bxe4 fxe4 41. Bxe5 Kf7 42. Re2 Ke6 43. Rxe4 Kd5 44. Re1 Ke6 45. Bg7+ Kf7 46.
Bd4 Kg6 47. Rf1 Kh6 48. Be3 Kg6 49. Rf8 Kg7 50. Rf5 Kg6 51. Rxg5+ Kh6 52. Rh5+
Kg6 53. Rxh4 Kg7 54. Kg3 {Black resigns} 1-0

[Event "FICS rated lightning game"]
[Site "FICS freechess.org"]
[Date "2018.01.28"]
[Round "?"]
[White "Sasha"]
[Black "avdl"]
[Result "1-0"]
[WhiteElo "1556"]
[BlackElo "1568"]
[PlyCount "97"]
[EventDate "2018.??.??"]

1. e4 e5 2. Nf3 Nc6 3. c3 Nf6 4. d3 d6 5. Be2 Ne7 6. O-O Ng6 7. h3 h6 8. Be3
Be7 9. Nbd2 Bd7 10. Nh2 Qc8 11. f4 exf4 12. Bxf4 Bxh3 13. gxh3 Qxh3 14. Bg4
Nxg4 15. Qxg4 Qxg4+ 16. Nxg4 Nxf4 17. Rxf4 O-O-O 18. Rxf7 Bg5 19. Nf3 Rhf8 20.
Rxf8 Rxf8 21. Nxg5 hxg5 22. Rf1 Rxf1+ 23. Kxf1 Kd7 24. Kf2 Ke6 25. Kg3 Kf7 26.
Ne3 Kg6 27. Kg4 c5 28. Nf5 d5 29. exd5 Kf6 30. d6 b6 31. d7 a5 32. d8=Q+ Ke5
33. Kxg5 c4 34. d4+ Ke4 35. Nd6+ Kd3 36. Nxc4 Kxc4 37. Qxb6 a4 38. Qa5 Kd3 39.
Qxa4 Kd2 40. Kg6 Kd3 41. Kxg7 Ke4 42. Qe8+ Kd3 43. d5 Kc4 44. d6 Kd3 45. d7 Kc2
46. d8=Q Kb1 47. Qe4+ Ka1 48. Qd1+ Kxa2 49. Qeb1# {Black checkmated} 1-0

[Event "FICS rated standard game"]
[Site "FICS freechess.org"]
[Date "2018.01.28"]
[Round "?"]
[White "GriffyJr"]
[Black "stoyko"]
[Result "1-0"]
[WhiteElo "2095"]
[BlackElo "1884"]
[PlyCount "71"]
[EventDate "2018.??.??"]

1. e4 e5 2. Nf3 Nc6 3. c3 Nf6 4. d4 exd4 5. e5 Nd5 6. Qb3 Nb6 7. cxd4 d5 8. Nc3
h6 9. Bb5 Bg4 10. O-O Bxf3 11. gxf3 Qd7 12. Bf4 a6 13. Bxc6 Qxc6 14. Rac1 Qe6
15. Na4 Nxa4 16. Qxa4+ c6 17. Kg2 Be7 18. Rg1 Bg5 19. Be3 Rb8 20. Qb4 Be7 21.
Qb6 O-O 22. Qc7 Rfc8 23. Qb6 Qg6+ 24. Kh1 Qf5 25. Bxh6 Qxf3+ 26. Rg2 g6 27. Rc3
Qd1+ 28. Rg1 Qh5 29. Bf4 Kg7 30. e6 f6 31. Bxb8 Rxb8 32. Qc7 Re8 33. Qxb7 Qf5
34. Qxc6 Rh8 35. Qd7 Kf8 36. Rc8+ {Black resigns} 1-0

[Event "FICS rated blitz game"]
[Site "FICS freechess.org"]
[Date "2018.01.28"]
[Round "?"]
[White "sunrhades"]
[Black "xadrezrs"]
[Result "0-1"]
[WhiteElo "1728"]
[BlackElo "1723"]
[PlyCount "32"]
[EventDate "2018.??.??"]
[EventType "blitz"]

1. e4 e5 2. Nf3 Nc6 3. c3 Nf6 4. d4 exd4 5. e5 Ne4 6. cxd4 Bb4+ 7. Nbd2 d5 8.
exd6 Qxd6 9. Qe2 O-O 10. Qxe4 Bd7 11. Bc4 Rae8 12. Ne5 Nxd4 13. f4 Bf5 14.
Bxf7+ Rxf7 15. O-O Bxe4 16. Nxe4 Qd5 {White resigns} 0-1

[Event "FICS rated blitz game"]
[Site "FICS freechess.org"]
[Date "2018.01.28"]
[Round "?"]
[White "feroze"]
[Black "playingforfun"]
[Result "1-0"]
[WhiteElo "1499"]
[BlackElo "1333"]
[PlyCount "65"]
[EventDate "2018.??.??"]
[EventType "blitz"]

1. e4 e5 2. Nf3 Nc6 3. c3 d6 4. d3 Bg4 5. d4 exd4 6. cxd4 Bxf3 7. gxf3 Qf6 8.
Be3 a6 9. Bh3 Nh6 10. Qa4 Be7 11. Nc3 O-O 12. Nd5 Qh4 13. Bd7 Bd8 14. O-O-O Ne7
15. Nf4 b5 16. Bxb5 Ng6 17. Nd5 c5 18. Rhg1 Ne7 19. Nf4 Ng6 20. Nxg6 hxg6 21.
Bc4 Bf6 22. Rxg6 Bxd4 23. Bxh6 Kh7 24. Bg5 Qxf2 25. Rd2 Qe1+ 26. Rd1 Be3+ 27.
Bxe3 Qxe3+ 28. Kb1 fxg6 29. Qd7 Rxf3 30. Qg4 Qf4 31. Qg1 Qxe4+ 32. Bd3 Qe6 33.
Qg2 1-0

[Event "FICS rated blitz game"]
[Site "FICS freechess.org"]
[Date "2018.01.28"]
[Round "?"]
[White "DonBlasDeLezo"]
[Black "heidehenk"]
[Result "0-1"]
[WhiteElo "1379"]
[BlackElo "1441"]
[PlyCount "30"]
[EventDate "2018.??.??"]
[EventType "blitz"]

1. e4 e5 2. Nf3 Nc6 3. c3 d5 4. exd5 Qxd5 5. d3 Bg4 6. Be2 Bf5 7. Be3 Nf6 8. a3
Be7 9. c4 Qd7 10. Nc3 Rd8 11. b3 Bxd3 12. O-O Bxe2 13. Qxe2 O-O 14. b4 Nd4 15.
Nxe5 Nxe2+ {White resigns} 0-1

[Event "FICS rated blitz game"]
[Site "FICS freechess.org"]
[Date "2018.01.28"]
[Round "?"]
[White "redbolek"]
[Black "catcheck"]
[Result "1-0"]
[WhiteElo "1489"]
[BlackElo "1381"]
[PlyCount "89"]
[EventDate "2018.??.??"]
[EventType "blitz"]

1. e4 e5 2. Nf3 Nc6 3. c3 d6 4. d4 Bg4 5. Be3 Nf6 6. Nbd2 Be7 7. Bc4 O-O 8. O-O
Bxf3 9. Qxf3 a6 10. b4 b5 11. Bb3 h6 12. a3 exd4 13. cxd4 Qd7 14. Rac1 Rac8 15.
e5 dxe5 16. Qxc6 exd4 17. Qxd7 Nxd7 18. Bxd4 c5 19. Bxc5 Nxc5 20. bxc5 Bxc5 21.
a4 Bb4 22. Nf3 Bc3 23. axb5 axb5 24. Rc2 b4 25. Rfc1 Rcd8 26. g3 g6 27. Kg2 Kg7
28. Ng1 Rfe8 29. Ne2 Bf6 30. Nf4 Bc3 31. Nd5 Rb8 32. Nxc3 bxc3 33. Rxc3 Re2 34.
R1c2 Re1 35. Bd5 Rd8 36. Ba2 Rd7 37. Rc7 Rde7 38. Rxe7 Rxe7 39. Kf3 h5 40. h4
Ra7 41. Bd5 Rd7 42. Ke4 Kf6 43. Rb2 Re7+ 44. Kd4 Rd7 45. Rb7 {Black resigns}
1-0

[Event "FICS rated blitz game"]
[Site "FICS freechess.org"]
[Date "2018.01.28"]
[Round "?"]
[White "jbuky"]
[Black "gmErfan"]
[Result "1-0"]
[WhiteElo "1410"]
[BlackElo "1411"]
[PlyCount "99"]
[EventDate "2018.??.??"]
[EventType "blitz"]

1. e4 e5 2. Nf3 Nc6 3. c3 Nf6 4. d4 exd4 5. e5 Nd5 6. cxd4 Bb4+ 7. Bd2 Bxd2+ 8.
Nbxd2 O-O 9. Ne4 d6 10. Bc4 dxe5 11. dxe5 Nb6 12. Qxd8 Rxd8 13. Bb3 h6 14. O-O
Bg4 15. e6 fxe6 16. Nc5 Nd5 17. Nxb7 Rdb8 18. Nc5 Bxf3 19. gxf3 Nd4 20. Rfd1
Nxb3 21. axb3 Re8 22. Ra6 Kf7 23. Re1 Nf4 24. Nd7 Nd3 25. Ne5+ Nxe5 26. Rxe5 g6
27. Rc5 Re7 28. Rca5 Kf6 29. Rxa7 Rxa7 30. Rxa7 Ke5 31. Ra4 Rd7 32. Rc4 Kd5 33.
Kg2 e5 34. h3 c5 35. Kg3 Rb7 36. Rc3 Rb4 37. Kg2 Kd4 38. Kg3 e4 39. fxe4 Kxe4
40. f3+ Kd4 41. Kf2 Kd5 42. Kg3 c4 43. bxc4+ Rxc4 44. Rxc4 Kxc4 45. Kf4 Kb3 46.
Ke5 Kxb2 47. Kf6 Kc3 48. Kxg6 Kd3 49. f4 Ke4 50. f5 1-0

[Event "FICS rated blitz game"]
[Site "FICS freechess.org"]
[Date "2018.01.28"]
[Round "?"]
[White "TundraWalker"]
[Black "BEEB"]
[Result "1-0"]
[WhiteElo "1549"]
[BlackElo "1335"]
[PlyCount "69"]
[EventDate "2018.??.??"]
[EventType "blitz"]

1. e4 e5 2. Nf3 Nc6 3. c3 Bc5 4. d4 exd4 5. cxd4 Bb4+ 6. Nc3 Qe7 7. Bd3 Nf6 8.
O-O O-O 9. Bg5 h6 10. Bh4 g5 11. Bg3 d6 12. Re1 Bg4 13. a3 Ba5 14. b4 Bb6 15.
Nd5 Qe6 16. Nxf6+ Qxf6 17. d5 Nd4 18. Be2 Nxf3+ 19. gxf3 Bxf3 20. Bxf3 Rae8 21.
Bg2 h5 22. e5 dxe5 23. Qxh5 e4 24. Rad1 e3 25. fxe3 Rxe3 26. Rxe3 Bxe3+ 27. Kh1
Qb2 28. Bxc7 Re8 29. Rf1 Re7 30. Bd6 Rd7 31. Bc5 Bf4 32. h4 Qg7 33. hxg5 Qxg5
34. Qxg5+ Bxg5 35. Bxa7 {Black resigns} 1-0

[Event "FICS rated blitz game"]
[Site "FICS freechess.org"]
[Date "2018.01.28"]
[Round "?"]
[White "sunrhades"]
[Black "Dzebic"]
[Result "0-1"]
[WhiteElo "1727"]
[BlackElo "1778"]
[PlyCount "62"]
[EventDate "2018.??.??"]
[EventType "blitz"]

1. e4 e5 2. Nf3 Nc6 3. c3 Nf6 4. d4 exd4 5. e5 Qe7 6. cxd4 d6 7. Bb5 dxe5 8.
dxe5 Qb4+ 9. Nc3 Ne4 10. Bxc6+ bxc6 11. O-O Nxc3 12. bxc3 Qxc3 13. Bg5 Be6 14.
Rc1 Qb4 15. Rxc6 h6 16. Bh4 Bc5 17. Qc2 Bb6 18. Rxe6+ fxe6 19. Qc6+ Kf7 20.
Qd7+ Kg6 21. Qxe6+ Kh7 22. Qf5+ Kg8 23. Qe6+ Kh7 24. Be7 Qf4 25. Qh3 Rae8 26.
Ng5+ Kg6 27. Qe6+ Kh5 28. Nf7 Rhg8 29. h3 Rxe7 30. Qxe7 Kg6 31. Qe6+ Kh7 0-1

[Event "FICS rated blitz game"]
[Site "FICS freechess.org"]
[Date "2018.01.28"]
[Round "?"]
[White "fusjstone"]
[Black "yuripn"]
[Result "0-1"]
[WhiteElo "1640"]
[BlackElo "1810"]
[PlyCount "92"]
[EventDate "2018.??.??"]
[EventType "blitz"]

1. e4 e5 2. Nf3 Nc6 3. c3 Bc5 4. d4 exd4 5. cxd4 Bb6 6. d5 Nce7 7. Nc3 d6 8.
Bb5+ Bd7 9. O-O Ng6 10. Bg5 N8e7 11. Rc1 O-O 12. Qd3 h6 13. Be3 Bg4 14. Bxb6
axb6 15. Nd4 Ne5 16. Qd2 Bd7 17. f4 Bxb5 18. Ncxb5 c6 19. dxc6 bxc6 20. Nc3 Nc4
21. Qe2 b5 22. b3 Nb6 23. Rcd1 Re8 24. e5 dxe5 25. Nxc6 Qc7 26. Nxe7+ Rxe7 27.
Nxb5 Qc5+ 28. Kh1 exf4 29. Qd3 Rxa2 30. Nc3 Ra8 31. Ne4 Qe5 32. Nf2 Rae8 33.
Ng4 Qg5 34. Nf2 Re3 35. Qd4 Nc8 36. Qd7 R3e7 37. Qg4 Qxg4 38. Nxg4 g5 39. Nf2
Re3 40. b4 Nb6 41. b5 Rb3 42. Rb1 Rxb1 43. Rxb1 Re5 44. Nd3 Rd5 45. Nf2 f5 46.
h3 Kf7 0-1

[Event "FICS rated blitz game"]
[Site "FICS freechess.org"]
[Date "2018.01.28"]
[Round "?"]
[White "PerErikA"]
[Black "miroslavovic"]
[Result "1-0"]
[WhiteElo "1446"]
[BlackElo "1374"]
[PlyCount "35"]
[EventDate "2018.??.??"]
[EventType "blitz"]

1. e4 e5 2. Nf3 Nc6 3. c3 Bc5 4. d4 exd4 5. cxd4 Bb4+ 6. Bd2 Qe7 7. Bd3 d6 8.
O-O Bg4 9. d5 Bxd2 10. Nbxd2 Ne5 11. Qc2 Nxf3+ 12. gxf3 Bxf3 13. Nxf3 Nf6 14.
e5 Ng4 15. exd6 cxd6 16. Rae1 Ne5 17. Nxe5 dxe5 18. Bb5+ {Black resigns} 1-0

[Event "FICS rated blitz game"]
[Site "FICS freechess.org"]
[Date "2018.01.28"]
[Round "?"]
[White "Fomby"]
[Black "JChrusty"]
[Result "1-0"]
[WhiteElo "1454"]
[BlackElo "1386"]
[PlyCount "43"]
[EventDate "2018.??.??"]
[EventType "blitz"]

1. e4 e5 2. Nf3 Nc6 3. c3 Nf6 4. d3 d5 5. Nbd2 dxe4 6. dxe4 Bc5 7. Bc4 O-O 8.
O-O Bg4 9. h3 Bh5 10. g4 Bg6 11. Qe2 Na5 12. Bxf7+ Rxf7 13. b4 Bb6 14. bxa5
Bxa5 15. Nxe5 Re7 16. Nxg6 hxg6 17. Qc4+ Kf8 18. Ba3 Qxd2 19. Bxe7+ Kxe7 20.
Qc5+ Kd7 21. Qxa5 Nxe4 22. Rfd1 {Black resigns} 1-0

[Event "FICS rated blitz game"]
[Site "FICS freechess.org"]
[Date "2018.01.28"]
[Round "?"]
[White "BiH"]
[Black "stoosans"]
[Result "1-0"]
[WhiteElo "1616"]
[BlackElo "1807"]
[PlyCount "28"]
[EventDate "2018.??.??"]
[EventType "blitz"]

1. e4 e5 2. Nf3 Nc6 3. c3 d5 4. Qa4 f6 5. Bb5 Nge7 6. exd5 Qxd5 7. d4 Bg4 8.
Nbd2 O-O-O 9. c4 Qf7 10. d5 Nxd5 11. cxd5 Qxd5 12. Bxc6 bxc6 13. O-O Bc5 14.
Qxg4+ Kb8 {Black resigns} 1-0

[Event "FICS rated blitz game"]
[Site "FICS freechess.org"]
[Date "2018.01.28"]
[Round "?"]
[White "JoaoC"]
[Black "PavlGan"]
[Result "1-0"]
[WhiteElo "1520"]
[BlackElo "1312"]
[PlyCount "87"]
[EventDate "2018.??.??"]
[EventType "blitz"]

1. e4 e5 2. Nf3 Nc6 3. c3 Bc5 4. Be2 Bxf2+ 5. Kxf2 Nf6 6. d3 d5 7. Qc2 dxe4 8.
dxe4 O-O 9. Rd1 Qe7 10. b4 Be6 11. h3 a5 12. b5 Na7 13. c4 c6 14. a4 cxb5 15.
cxb5 b6 16. Ba3 Rfc8 17. Bxe7 Rxc2 18. Bxf6 gxf6 19. Rd2 Rac8 20. Rxc2 Rxc2 21.
Na3 Rb2 22. Rc1 Ra2 23. Nc4 Rxa4 24. Nxb6 Ra2 25. Nd5 Nxb5 26. Nxf6+ Kg7 27.
Ne8+ Kf8 28. Nc7 Nxc7 29. Rxc7 f6 30. Rxh7 Bc4 31. Ng1 a4 32. Ra7 Bxe2 33. Nxe2
a3 34. Ke3 Ra1 35. h4 a2 36. h5 Rh1 37. Rxa2 Rxh5 38. Ng3 Rg5 39. Kf3 Kg7 40.
Nf5+ Kg6 41. Ra7 Rxf5+ 42. exf5+ Kxf5 43. g4+ Ke6 44. Ke4 {Black resigns} 1-0

[Event "FICS rated blitz game"]
[Site "FICS freechess.org"]
[Date "2018.01.28"]
[Round "?"]
[White "Kyrseesee"]
[Black "OrientSwan"]
[Result "1-0"]
[WhiteElo "1349"]
[BlackElo "1435"]
[PlyCount "53"]
[EventDate "2018.??.??"]
[EventType "blitz"]

1. e4 e5 2. Nf3 Nc6 3. c3 Bc5 4. d4 exd4 5. cxd4 Bb4+ 6. Nc3 d6 7. Bb5 Bd7 8.
O-O a6 9. Be2 Nf6 10. Bg5 O-O 11. a3 Ba5 12. h3 Kh8 13. e5 h6 14. exf6 hxg5 15.
fxg7+ Kxg7 16. Ne4 Re8 17. Nexg5 f6 18. h4 fxg5 19. Nxg5 Rh8 20. Qb3 Qe7 21.
Qg3 Qxe2 22. Ne6+ Kf6 23. Qg5+ Kxe6 24. d5+ Kf7 25. Qf4+ Kg6 26. Qg5+ Kh7 27.
b4 1-0

[Event "We JyS 2018 Jyvaskyla"]
[Site "Jyvaskyla"]
[Date "2018.01.27"]
[Round "3"]
[White "Kauppala Pekka"]
[Black "Vilppolainen Markku"]
[Result "1-0"]
[WhiteElo "2063"]
[BlackElo "2039"]
[PlyCount "63"]
[EventDate "2018.??.??"]

1. e4 e5 2. Nf3 Nc6 3. c3 d6 4. d4 Qe7 5. Bb5 Bd7 6. d5 Nd8 7. Bg5 f6 8. Bxd7+
Qxd7 9. Be3 g6 10. h4 h5 11. c4 Bh6 12. Qd2 c5 13. dxc6 Qxc6 14. O-O Ne6 15.
Nc3 Bxe3 16. Qxe3 Qc5 17. Qd2 a6 18. Rfd1 Rd8 19. Nd5 Kf7 20. Rac1 Ne7 21. b4
Qa7 22. c5 Nc6 23. Qc3 Rhe8 24. a4 dxc5 25. bxc5 a5 26. Qc4 Kg7 27. g3 Rc8 28.
Qb5 Rcd8 29. Kg2 Ned4 30. Nxd4 Nxd4 31. Qc4 Nc6 32. Nc7 1-0

[Event "We JyS 2018 Jyvaskyla"]
[Site "Jyvaskyla"]
[Date "2018.01.27"]
[Round "2"]
[White "Kauppala Pekka"]
[Black "Salmelin Aaro"]
[Result "0-1"]
[WhiteElo "2063"]
[BlackElo "1924"]
[PlyCount "48"]
[EventDate "2018.??.??"]

1. e4 e5 2. Nf3 Nc6 3. c3 d5 4. Qa4 Nf6 5. Nxe5 Bd6 6. Nxc6 bxc6 7. d3 O-O 8.
Be2 Re8 9. Nd2 Bd7 10. O-O c5 11. Qc2 Ng4 12. h3 Nh2 13. Re1 Bxh3 14. gxh3 Qg5+
15. Kh1 Qh4 16. Bf1 Re6 17. Bg2 Qxf2 18. Qd1 Qg3 19. Qe2 Rg6 20. Rf1 Re8 21.
Rf3 Nxf3 22. Nxf3 dxe4 23. d4 exf3 24. Qxe8+ Bf8 0-1

[Event "FICS rated lightning game"]
[Site "FICS freechess.org"]
[Date "2018.01.27"]
[Round "?"]
[White "intihuantana"]
[Black "CCCP"]
[Result "1-0"]
[WhiteElo "1955"]
[BlackElo "1908"]
[PlyCount "57"]
[EventDate "2018.??.??"]

1. e4 Nc6 2. Nf3 e5 3. c3 d6 4. h3 f5 5. exf5 Bxf5 6. Qb3 d5 7. Qxb7 Nge7 8.
Bb5 Bd7 9. O-O e4 10. Nd4 Nxd4 11. Bxd7+ Kxd7 12. cxd4 Rb8 13. Qxa7 Rb6 14.
Qa4+ Kc8 15. Nc3 c6 16. d3 exd3 17. Bg5 Qd6 18. Rfe1 Nf5 19. Re8+ Kd7 20. Rd8+
Ke6 21. Rxd6+ Nxd6 22. Qa7 Rxb2 23. Re1+ Ne4 24. Nxe4 dxe4 25. Rxe4+ Kd5 26.
Re5+ Kd6 27. Qa3+ Kc7 28. Qxb2 Bd6 29. Ra5 1-0

[Event "FICS rated blitz game"]
[Site "FICS freechess.org"]
[Date "2018.01.27"]
[Round "?"]
[White "fabiuscu"]
[Black "mygameisthebest"]
[Result "0-1"]
[WhiteElo "1034"]
[BlackElo "1234"]
[PlyCount "88"]
[EventDate "2018.??.??"]
[EventType "blitz"]

1. e4 e5 2. Nf3 Nc6 3. c3 d5 4. d4 dxe4 5. Nxe5 Nxe5 6. dxe5 Qxd1+ 7. Kxd1 f6
8. f4 fxe5 9. fxe5 Bf5 10. Be3 O-O-O+ 11. Ke2 Bg4+ 12. Kf2 Be7 13. g3 Nh6 14.
h4 Nf5 15. Nd2 Nxe3 16. Kxe3 Bc5+ 17. Kxe4 h5 18. Nc4 Rhe8 19. Bh3 Bd6 20.
Bxg4+ hxg4 21. Rad1 b5 22. Nxd6+ cxd6 23. Rxd6 Rxd6 24. h5 Rde6 25. h6 gxh6 26.
Rh5 Rd8 27. b3 Rd2 28. Kf4 Rxa2 29. Kxg4 Ra3 30. Rf5 Rxb3 31. Rf8+ Kb7 32. Kf5
Rc6 33. Rf7+ Kb6 34. e6 Rbxc3 35. e7 Re3 36. Rf6 Rf3+ 37. Kg4 Re3 38. Rxc6+
Kxc6 39. e8=Q+ Rxe8 40. Kh5 Re6 41. g4 b4 42. g5 hxg5 43. Kxg5 Kd5 44. Kf5 Re4
{White resigns} 0-1

[Event "FICS rated blitz game"]
[Site "FICS freechess.org"]
[Date "2018.01.27"]
[Round "?"]
[White "Nahka"]
[Black "akx"]
[Result "0-1"]
[WhiteElo "1826"]
[BlackElo "1815"]
[PlyCount "74"]
[EventDate "2018.??.??"]
[EventType "blitz"]

1. e4 e5 2. Nf3 Nc6 3. c3 Nf6 4. d4 exd4 5. e5 Nd5 6. cxd4 Bb4+ 7. Bd2 Bxd2+ 8.
Qxd2 d6 9. Bb5 dxe5 10. Nxe5 O-O 11. Bxc6 bxc6 12. O-O Qd6 13. Rc1 Re8 14. Na3
Rb8 15. Rxc6 Qb4 16. Qxb4 Rxb4 17. b3 Rxd4 18. Nf3 Rde4 19. Rc5 Bb7 20. h3 Re2
21. Nc4 Nf4 22. Rxc7 Ba8 23. Rxa7 Nxh3+ 24. Kh2 Nxf2 25. Nfe5 Ne4 26. Rf1 Nf6
27. Nf3 Ng4+ 28. Kg3 h5 29. Nd6 Rd8 30. Nxf7 Bxf3 31. Rxf3 Rdd2 32. Ng5 Rxg2+
33. Kf4 Rd4+ 34. Ne4 Nf6 35. Re7 Rg4+ 36. Kf5 Rgxe4 37. Kg6 Rxe7 {White resigns
} 0-1

[Event "FICS rated blitz game"]
[Site "FICS freechess.org"]
[Date "2018.01.27"]
[Round "?"]
[White "Junofirst"]
[Black "mitrofis"]
[Result "1-0"]
[WhiteElo "1462"]
[BlackElo "1628"]
[PlyCount "81"]
[EventDate "2018.??.??"]
[EventType "blitz"]

1. e4 e5 2. Nf3 Nc6 3. c3 Nf6 4. b4 a6 5. d3 d6 6. a4 Be7 7. Bd2 O-O 8. Be2 Bd7
9. Na3 h6 10. Nc4 Nh7 11. Ne3 f5 12. Nd5 f4 13. Qb3 Kh8 14. Qd1 Ng5 15. c4
Nxf3+ 16. Bxf3 Bf6 17. Rb1 Ne7 18. Nxf6 Rxf6 19. Bc3 Nc6 20. c5 Kh7 21. d4 exd4
22. Bxd4 Nxd4 23. Qxd4 dxc5 24. bxc5 Bc6 25. Qxd8 Rxd8 26. O-O Rf7 27. a5 Rfd7
28. h3 g5 29. Bg4 Rd2 30. Bf3 Kg7 31. Kh2 Kf7 32. g3 Ke6 33. gxf4 gxf4 34. h4
Ke5 35. Kh3 R8d3 36. Kg4 Bxe4 37. Bxe4 Kxe4 38. f3+ Kd4 39. Kxf4 Kxc5 40. Kf5
Kd6 41. Kg6 1-0

[Event "FICS rated blitz game"]
[Site "FICS freechess.org"]
[Date "2018.01.27"]
[Round "?"]
[White "ARUJ"]
[Black "jvlick"]
[Result "0-1"]
[WhiteElo "1563"]
[BlackElo "1648"]
[PlyCount "74"]
[EventDate "2018.??.??"]
[EventType "blitz"]

1. e4 e5 2. Nf3 Nc6 3. c3 Nf6 4. d3 d6 5. Bg5 Bg4 6. Be2 h6 7. Bh4 Be7 8. Bg3
O-O 9. Nbd2 Nh5 10. O-O Nxg3 11. fxg3 f5 12. exf5 Bxf5 13. Ne1 Bh7 14. Nef3 Bf6
15. Qb3+ Kh8 16. Qxb7 Qd7 17. Qb3 Rfb8 18. Qc2 d5 19. Rab1 Re8 20. h3 e4 21.
dxe4 dxe4 22. Nh2 e3 23. Qb3 Qxd2 24. Bf3 Be4 25. Qc4 Bxf3 26. Nxf3 Qd6 27.
Rfe1 Rad8 28. Rbd1 Qxd1 29. Rxd1 Rxd1+ 30. Kh2 Ne5 31. Nxe5 Rxe5 32. Qxc7 e2
33. g4 e1=Q 34. Qc8+ Kh7 35. Qc6 Re6 36. Qc4 Be5+ 37. g3 Qxg3# {White
checkmated} 0-1

[Event "FICS rated blitz game"]
[Site "FICS freechess.org"]
[Date "2018.01.27"]
[Round "?"]
[White "GrandmaLurKing"]
[Black "JBShepherd"]
[Result "1-0"]
[WhiteElo "1268"]
[BlackElo "1285"]
[PlyCount "26"]
[EventDate "2018.??.??"]
[EventType "blitz"]

1. e4 e5 2. Nf3 Nc6 3. c3 a6 4. d4 exd4 5. Bf4 d6 6. Nxd4 Nxd4 7. cxd4 Be7 8.
Be2 Nh6 9. O-O Bd7 10. Nc3 g5 11. Bd2 Bf6 12. Qb3 Qe7 13. Qxb7 Rb8 {Black
resigns} 1-0

[Event "FICS rated blitz game"]
[Site "FICS freechess.org"]
[Date "2018.01.27"]
[Round "?"]
[White "feroze"]
[Black "snycal"]
[Result "0-1"]
[WhiteElo "1484"]
[BlackElo "1508"]
[PlyCount "56"]
[EventDate "2018.??.??"]
[EventType "blitz"]

1. e4 e5 2. Nf3 Nc6 3. c3 h6 4. d4 exd4 5. cxd4 d5 6. e5 Bg4 7. Be2 Bb4+ 8. Nc3
Nge7 9. a3 Ba5 10. b4 Bb6 11. Be3 Nf5 12. O-O O-O 13. b5 Na5 14. h3 Bh5 15. g4
Nxe3 16. fxe3 Bg6 17. Na4 c6 18. Nxb6 axb6 19. bxc6 bxc6 20. Rc1 Rc8 21. Bd3 f5
22. Qc2 fxg4 23. Bxg6 gxf3 24. Bh7+ Kh8 25. Qg6 c5 26. Rb1 Rc6 27. Qd3 Qg5+ 28.
Kh2 Qg2# {White checkmated} 0-1

[Event "FICS rated blitz game"]
[Site "FICS freechess.org"]
[Date "2018.01.27"]
[Round "?"]
[White "Tensecterror"]
[Black "MrPal"]
[Result "1-0"]
[WhiteElo "1302"]
[BlackElo "1399"]
[PlyCount "73"]
[EventDate "2018.??.??"]
[EventType "blitz"]

1. e4 e5 2. Nf3 Nc6 3. c3 Bc5 4. d4 exd4 5. cxd4 Bb6 6. d5 Nce7 7. Bb5 a6 8.
Qa4 c6 9. dxc6 dxc6 10. Bc4 Nf6 11. e5 Nfd5 12. O-O O-O 13. Nc3 Nxc3 14. bxc3
Qc7 15. Qb3 Ng6 16. Re1 Ba7 17. Be3 Bxe3 18. Rxe3 b5 19. Bd3 Be6 20. Qc2 c5 21.
Be4 Rad8 22. a4 Nxe5 23. Nxe5 b4 24. Nf3 b3 25. Qb2 c4 26. Nd4 Qb6 27. h3 Rde8
28. a5 Qc5 29. Ra4 Qg5 30. Kh2 Qf6 31. Rb4 Qf4+ 32. g3 Qh6 33. h4 Qh5 34. Nxe6
Rxe6 35. Rxc4 Rfe8 36. Qxb3 Qd1 37. Qxd1 1-0

[Event "FICS rated blitz game"]
[Site "FICS freechess.org"]
[Date "2018.01.27"]
[Round "?"]
[White "Uddo"]
[Black "justjim"]
[Result "1-0"]
[WhiteElo "1473"]
[BlackElo "1394"]
[PlyCount "63"]
[EventDate "2018.??.??"]
[EventType "blitz"]

1. e4 e5 2. Nf3 Nc6 3. c3 Nf6 4. d4 exd4 5. e5 Ng4 6. cxd4 Bb4+ 7. Nc3 d6 8.
exd6 cxd6 9. Bb5 O-O 10. O-O a6 11. Ba4 Bxc3 12. bxc3 d5 13. Bg5 f6 14. Bd2 f5
15. h3 Nf6 16. Bg5 Qa5 17. Bxc6 bxc6 18. Qc2 Ne4 19. Bd2 Be6 20. Ne5 Rac8 21.
c4 dxc4 22. Bxa5 Bd5 23. f3 Ng3 24. Bb6 Nxf1 25. Rxf1 f4 26. a4 Rb8 27. a5 Rbe8
28. Bc5 Rf6 29. Ng4 Rg6 30. Ne5 Rf6 31. Nd7 Rg6 32. Nb6 {Black resigns} 1-0

[Event "FICS rated blitz game"]
[Site "FICS freechess.org"]
[Date "2018.01.27"]
[Round "?"]
[White "mikhailyouzhny"]
[Black "oritelgavi"]
[Result "0-1"]
[WhiteElo "1424"]
[BlackElo "1404"]
[PlyCount "110"]
[EventDate "2018.??.??"]
[EventType "blitz"]

1. e4 e5 2. Nf3 Nc6 3. c3 Bc5 4. d4 exd4 5. cxd4 Bb4+ 6. Nc3 Nge7 7. a3 Bxc3+
8. bxc3 d5 9. e5 Bg4 10. Be2 Ng6 11. h3 Bxf3 12. gxf3 O-O 13. Qc2 a5 14. f4 f6
15. Be3 fxe5 16. fxe5 b5 17. Rg1 b4 18. Bg5 Qe8 19. Bb5 Rb8 20. Bd3 bxc3 21.
Qxc3 Nce7 22. O-O-O Qa4 23. Bc2 Qc4 24. Qxc4 dxc4 25. h4 Rxf2 26. h5 h6 27. Be3
Rxc2+ 28. Kxc2 Nf8 29. Kc3 Nd5+ 30. Kd2 c3+ 31. Kd3 Rb3 32. Rde1 Ne6 33. Bxh6
Nef4+ 34. Bxf4 Nxf4+ 35. Kc4 Rxa3 36. Rc1 Ne2 37. Rxc3 Rxc3+ 38. Kd5 Nxg1 39.
e6 Re3 40. e7 Rxe7 41. Kc6 Rd7 42. d5 Rxd5 43. Kxd5 Nf3 44. Kc5 Kh7 45. Kb5 Kh6
46. Kxa5 Kxh5 47. Kb5 g5 48. Kc6 g4 49. Kxc7 g3 50. Kd6 g2 51. Ke7 g1=Q 52. Kd6
Qg6+ 53. Kc5 Ne5 54. Kd5 Nd7 55. Kd4 Nb6 0-1

[Event "FICS rated lightning game"]
[Site "FICS freechess.org"]
[Date "2018.01.27"]
[Round "?"]
[White "Sasha"]
[Black "Aleprok"]
[Result "1-0"]
[WhiteElo "1610"]
[BlackElo "1427"]
[PlyCount "55"]
[EventDate "2018.??.??"]

1. e4 e5 2. Nf3 Nc6 3. c3 f6 4. d4 exd4 5. cxd4 Bb4+ 6. Nc3 Nge7 7. Bd3 O-O 8.
O-O h6 9. h3 b5 10. Be3 a6 11. a3 Ba5 12. Rc1 Bxc3 13. bxc3 Bb7 14. Bb1 Na5 15.
Qc2 Nc4 16. e5 f5 17. Nh4 Nxa3 18. Qa2+ Nc4 19. Bd2 Qe8 20. Bd3 Bd5 21. Bxc4
Bxc4 22. Qc2 Ng6 23. Nxg6 Qxg6 24. Rfe1 d6 25. f3 dxe5 26. Rxe5 Rf6 27. Rce1
Raf8 28. Re7 1-0